000 00911cam a22001814a 4500
005 20250605163404.0
008 250528s ||||||||||||||||||||||||d
035 _a18168
020 _a9608517915
040 _aGR-AtMCL
_bgre
_dGR-AtMCL
_eAACR2
245 1 _aΤο Βιβλίο της C++
260 _bLearning Plan
_bΣταμούλης Α,
_c1992
300 _a460
520 _aΠρόλογος, Εισαγωγή, Η Ιστορία, Οι Μεταγλωτιστές (Compilers), Θεμελιώδεις Έννοιες, Οι Εντολές της C++, Συναρτήσεις, Δεδομένα Τύπου Pointer, Δομημένοι Τύποι Δεδομένων, Κλάσεις, Κληρονομικότητα, Πολυμορφία, Streams Εισόδου-Εξόδου, Ο Προεπεξεργαστής, Βιβλιογραφία, Ευρετήριο.
942 _cBK
999 _c3548
_d3548